Sports Quiz

Random Sports or NHL Quiz

Big 4 Most Common MVP Names Quiz Stats

 Plays Quiz Updated Oct 8, 2018

Challenge
Share
Tweet
Embed
Score 0/39 Timer 10:00
2 Plays Today
# Of MVP Awards Athlete First Name % Correct
14Mike, Michael, or Mickey
90.1%
10John, Johnny or Juan
80.1%
21Joe, Joey or José
74.2%
15Bill, Billy or Willie
70.9%
9Jimmie, Jim or Jimmy
68.1%
8Steve or Stephen
65%
9Wayne
62.4%
4LeBron
62%
15Bob or Bobby
62%
4Tom and Tommy
60.3%
10Larry or Lawrence
58.9%
9Barry
54.2%
5Peyton
52.1%
7Henry or Hank
51.2%
6Alex or Alexander
50.6%
5Mark and Marcus
49.3%
3David or Dave
48.1%
4Brett
46.5%
4George
44.9%
4Wilt
38.1%
# Of MVP Awards Athlete First Name % Correct
6Carl or Karl
38%
6Kareem
37.3%
3Earvin
36.4%
7Frank or Frankie
35%
3Roger
31.5%
3Mario
30.2%
4Ken
28.2%
3Ted
27.5%
4Phil
25%
3Jeff
23%
3Don
21.5%
5Stan
20%
6Gordie
19.2%
4Eddie
17%
3Miguel
12.4%
4Roy
11%
3Moses
10.9%
3Ernie
8.1%
3Howie
7.5%

You're not logged in!

Compare scores with friends on all Sporcle quizzes.
OR
Log In

You Might Also Like...

Show Comments

Extras

Top Quizzes Today


Score Distribution

Your Account Isn't Verified!

In order to create a playlist on Sporcle, you need to verify the email address you used during registration. Go to your Sporcle Settings to finish the process.

Report this User

Report this user for behavior that violates our Community Guidelines.

Details: